| 000 | 00379 a2200133 4500 | ||
|---|---|---|---|
| 001 | 87840 | ||
| 082 | _aPR 216 | ||
| 090 |
_c41302 _d41302 |
||
| 100 | _aSuhaib Zafar, NUST Cdt 81101 | ||
| 245 | _aStructural health monitoring program for a typical fighter aircraft | ||
| 260 |
_aRisalpur _bNUST Risalpur _c2011 |
||
| 300 |
_axi, 60p. _eAbid Ali Khan |
||
| 500 | _aBE Project Reports | ||
| 942 |
_aCAE NUST _kPR 216 |
||
| 999 |
_c322913 _d322913 |
||